Gaming Quiz

Random Gaming Quiz

NationStates Statistics Quiz Stats

 Plays Quiz not verified by Sporcle

Score 0/81 Timer 07:00
0 Plays Today
Statistics % Correct
Economy
87%
Civil Rights
82.6%
Industry: Arms Manufacturing
82.6%
Environmental Beauty
78.3%
Political Freedom
78.3%
Industry: Pizza Delivery
73.9%
Intelligence
73.9%
Nudity
73.9%
Taxation
73.9%
Youth Rebelliousness
73.9%
Average Income
69.6%
Compassion
69.6%
Culture
69.6%
Freedom From Taxation
69.6%
Government Size
69.6%
Ignorance
69.6%
Industry: Basket Weaving
69.6%
Population
69.6%
Average Income of Poor
65.2%
Average Income of Rich
65.2%
Compliance
65.2%
Income Equality
65.2%
Influence
65.2%
Political Apathy
65.2%
Public Healthcare
65.2%
Sector: Agriculture
65.2%
Sector: Manufacturing
65.2%
Statistics % Correct
Secularism
65.2%
Weather
65.2%
World Assembly Endorsements
65.2%
Authoritarianism
60.9%
Eco-Friendliness
60.9%
Inclusiveness
60.9%
Lifespan
60.9%
Religiousness
60.9%
Averageness
56.5%
Crime
56.5%
Death Rate
56.5%
Defense Forces
56.5%
Economic Freedom
56.5%
Health
56.5%
Law Enforcement
56.5%
Pacifism
56.5%
Public Education
56.5%
Social Conservatism
56.5%
Tourism
56.5%
Weaponization
56.5%
Welfare
56.5%
Black Market
52.2%
Charmlessness
52.2%
Industry: Cheese Exports
52.2%
Niceness
52.2%
Industry: Furniture Restoration
47.8%
Public Transport
47.8%
Statistics % Correct
Residency
47.8%
Scientific Advancement
47.8%
Wealth Gaps
47.8%
Business Subsidization
43.5%
Corruption
43.5%
Economic Output
43.5%
Foreign Aid
43.5%
Industry: Insurance
43.5%
Integrity
43.5%
Primitiveness
43.5%
Human Development Index
39.1%
Industry: Gambling
39.1%
Industry: Retail
39.1%
Cheerfulness
34.8%
Employment
34.8%
Industry: Automobile Manufacturing
34.8%
Recreational Drug Use
34.8%
Rudeness
34.8%
Safety
34.8%
Industry: Mining
26.1%
Industry: Trout Fishing
26.1%
Ideological Radicality
21.7%
Industry: Beverage Sales
21.7%
Industry: Information Technology
17.4%
Industry: Timber Woodchipping
17.4%
Obesity
17.4%
Industry: Book Publishing
13%

You're not logged in!

Compare scores with friends on all Sporcle quizzes.
OR
Log In

Sporcle TV

Today on Sporcle TV


Watch our educational content, quiz creation guides, and fun videos on Sporcle TV.

Show Comments

Extras

Created Aug 1, 2016SourceReportNominate
Tags:different, statistic

Top Quizzes Today


Score Distribution

Your Account Isn't Verified!

In order to create a playlist on Sporcle, you need to verify the email address you used during registration. Go to your Sporcle Settings to finish the process.

Report this User

Report this user for behavior that violates our Community Guidelines.

Details: